| 000 | 00503nam a22001697a 4500 | ||
|---|---|---|---|
| 003 | OSt | ||
| 005 | 20140310182331.0 | ||
| 008 | 130316t xxu||||| |||| 00| 0 eng d | ||
| 020 | _a0689317190 | ||
| 050 |
_aPZ 7 _bL9766So 1992 |
||
| 082 |
_aGS 823 _bL96 1993 |
||
| 245 |
_aSong for the ancient forest _cNancy Luenn ; illustrated by Jill Kastner |
||
| 260 |
_aNew York : Atheneum ; Toronto _bCollier Macmillan Canada _c1993 |
||
| 300 |
_a1 v. (unpaged) _c27 cm. |
||
| 942 |
_2lcc _cBK-GS |
||
| 999 |
_c11986 _d11986 |
||